000 00637nam a2200229Ia 4500
005 20250108124939.0
008 008 250107s9999 xx 000 0 eng d
020 _a978-81-267-0747-8
037 _aTB
040 _aCRL
_beng
_cCRL
041 _aeng
_2eng
084 _aO1591,3N18w 111R3
084 _qCRL
100 _aBush George W. Au.
_9730130
245 0 _aDecision points
_cBush George W. Au.
260 _aNew York, USA
_bVirgin Books
_c2780
300 _axii,497p.
365 _aINR
_b300
650 _aUNITED STATES - HISTORY
_931585
942 _cTB
_hO1591,3N18w 111R3
999 _c1235168
_d1235168